Flags of Asian countries by capital (Very Hard +) - Statistics

General Stats
  • This quiz has been taken 33 times
    10 since last reset
  • The average score is 36 of 71
Answer Stats
Picture Hint Answer % Correct
Singapore
88%
Taipei
88%
Abu Dhabi
75%
Ankara
75%
Bangkok
75%
Beijing
75%
Beirut
75%
Cairo
75%
Doha
75%
Hong Kong
75%
Jerusalem
75%
Kuwait City
75%
Manila
75%
Moscow
75%
New Delhi
75%
Seoul
75%
Tbilisi
75%
Tokyo
75%
Amman
63%
Ashgabat
63%
Astana
63%
Baghdad
63%
Bishkek
63%
Damascus
63%
Dhaka
63%
Dushanbe
63%
Hanoi
63%
Islamabad
63%
Jakarta
63%
Kabul
63%
Kathmandu
63%
Kuala Lumpur
63%
Malé
63%
Manama
63%
Muscat
63%
Naypyidaw
63%
Nicosia
63%
Pyongyang
63%
Riyadh
63%
Tashkent
63%
Tehran
63%
Thimphu
63%
Ulaanbaatar
63%
Baku
50%
Macao
50%
Phnom Penh
50%
Sana'a
50%
Sri Jayawardenepura Kotte
50%
Vientiane
50%
Yerevan
50%
Bandar Seri Begawan
38%
Dili
38%
Lhasa
38%
Diyarbakır
25%
Ramallah
25%
Batumi
13%
Flying Fish Cove
13%
Naha
13%
Nicosia
13%
Nukus
13%
Sapporo
13%
Sukhumi
13%
Tskhinvali
13%
Ulan-Ude
13%
Ürümqi / Dihua
13%
West Island
13%
Yakutsk
13%
Abakan
0%
Diego Garcia
0%
Gorno-Altaysk
0%
Kyzyl
0%
No matching quizzes found
Score Distribution
Percent of People with Each Score
Percentile by Number Answered
Your Score History
You have not taken this quiz since the last reset